| 000 | 00404 a2200169 4500 | ||
|---|---|---|---|
| 001 | 21266 | ||
| 020 | _a9788537701614 | ||
| 040 | _cAnchieta - São Paulo/Itaigara | ||
| 100 | _aGuedes, Luis Roberto | ||
| 240 | 1 | 0 |
_aO caçador do arco-íris _lpor |
| 245 | 1 | 0 | _aO caçador do arco-íris |
| 300 | _a128 | ||
| 362 | 0 | _a2007 | |
| 440 | 1 | _aEscala Educacional | |
| 650 | 4 | _aLiteratura juvenil | |
| 942 | _cBK | ||
| 999 |
_c21266 _d21266 |
||